| 000 | 00970nam a2200229Ia 4500 | ||
|---|---|---|---|
| 003 | Ost | ||
| 005 | 20260507075652.0 | ||
| 008 | 260507s9999||||xx |||||||||||||| ||und|| | ||
| 020 | _a3131703977 | ||
| 040 | _cfsecg | ||
| 041 | _aara | ||
| 082 | _a332.46 | ||
| 100 |
_aالحمزاوي، محمد كمال _eمؤلف |
||
| 245 | 0 |
_aسوق الصرف الأجنبي : _bماهيته، مدركاته، تطوره / _c محمد كمال الحمزاوي |
|
| 260 |
_aالإسكندرية: _bمنشأة المعارف, _c2004 |
||
| 300 |
_a352 صفحة؛ _bإيضاحات ؛ _c24 سم |
||
| 520 | _aأهم المدركات الإقتصادية لنظرية الصرف الاجنبي- إشكالية نظم النقد الأجنبي استقراء تاريخي- الادوات المصرفية بسوق الصرف الاجنبي. | ||
| 653 | _aالإقتصاد الدولي | ||
| 653 | _aالنقد الأجنبي | ||
| 653 | _aسعر الصرف | ||
| 942 | _cكتاب | ||
| 999 |
_c45620 _d45620 |
||